Brighton Squad 2026 - Statistics

General Stats
  • This quiz has been taken 15 times
  • The average score is 15 of 28
Answer Stats
Nation Age Position Answer % Correct
England 35 ST Danny Welbeck
100%
Japan 28 LW Kaoru Mitoma
91%
England 34 CB Lewis Dunk
91%
Netherlands 25 CB Jan Paul van Hecke
82%
Germany 34 CM Pascal Groß
82%
Netherlands 23 GK Bart Verbruggen
73%
France 23 ST Georgino Rutter
73%
England 31 RW Solly March
73%
Gambia 21 RW Yankuba Minteh
73%
England 31 CB Adam Webster
64%
Cameroon 22 CDM Carlos Baleba
64%
England 40 CM James Milner
64%
Germany 21 RW Brajan Gruda
55%
Turkey 26 LB Ferdi Kadioglu
55%
England 35 GK Jason Steele
55%
Belgium 25 LB Maxim de Cuyper
55%
Italy 22 CB Diego Coppola
45%
Netherlands 33 RB Joel Veltman
45%
Netherlands 26 CDM Mats Wieffer
45%
Greece 18 ST Charalampos Kostoulas
36%
England 20 CDM Jack Hinshelwood
36%
France 28 CB Olivier Boscagli
36%
Greece 20 ST Stefanos Tzimas
36%
Sweden 22 CM Yasin Ayari
36%
Paraguay 22 CM Diego Gomez
27%
Canada 25 GK Tom McGill
27%
England 19 LW Tom Watson
18%
Ireland 22 CAM Andrew Moran
9%
No matching quizzes found
Score Distribution
Percent of People with Each Score
Percentile by Number Answered
Your Score History
You have not taken this quiz